000 00547nam a2200181Ia 4500
003 GCL
008 140319s9999 xx 000 0 ara d
040 _aGCL /
_cGCL
082 0 4 _a153.42
_bم ت
100 1 _aمجدى عبدالكريم حبيب
245 1 0 _aالتفكير: الاسس النظرية والاستراتيجيات /
_cمجدى عبدالكريم حبيب
300 _a279 ص
490 _aكتاب
_v0
650 0 4 _aعلم النفس
650 0 4 _aالتفكير
650 0 4 _aالقدرة العقلية
942 _2ddc
_cBK
999 _c41527
_d41527